[Event "Oberliga Nord O 0405"]
[Site "Germany"]
[Date "2005.04.10"]
[Round "9.1"]
[White "Zezulkin, Jurij"]
[Black "Bartolomaeus, Christian"]
[Result "1-0"]
[WhiteElo "2547"]
[BlackElo "2261"]
[PlyCount "73"]
[EventDate "2004.10.24"]
[EventType "team-tourn"]
[EventRounds "9"]
[EventCountry "GER"]
[SourceTitle "EXT 2006"]
[Source "ChessBase"]
[SourceDate "2005.11.24"]
[SourceVersion "1"]
[SourceVersionDate "2005.11.24"]
[SourceQuality "1"]
[WhiteTeam "Ruedersdorf"]
[BlackTeam "Greifswald"]
[WhiteTeamCountry "GER"]
[BlackTeamCountry "GER"]

1. e4 d6 2. d4 Nf6 3. Nc3 g6 4. Bc4 Bg7 5. Qe2 Nc6 6. e5 Nxd4 7. exf6 Nxe2 8. fxg7 Rg8 9. Ngxe2 c6 10. Bh6 Qa5 11. 0-0-0 b5 12. Bb3 Be6 13. Nd4 Bxb3 14. Nxb3 Qc7 15. Rhe1 0-0-0 16. f4 Rd7 17. Ne4 f6 18. Nd4 b4 19. Kb1 c5 20. Ne6 Qa5 21. Nf8 Rc7 22. c4 bxc3 23. Nxc3 Rb7 24. Ka1 c4 25. g4 Qb4 26. Re2 a5 27. Nd5 Qa4 28. Rde1 e5 29. Nxh7 Qb5 30. Nhxf6 Rgxg7 31. Bxg7 Rxg7 32. fxe5 dxe5 33. Rxe5 Kb8 34. Nc3 Qc6 35. Rb5+ Kc8 36. Re8+ Kc7 37. Nfd5+ 1-0

[Event "Oberliga Nord O 0405"]
[Site "Germany"]
[Date "2005.03.13"]
[Round "8.1"]
[White "Bartolomaeus, Christian"]
[Black "Waldmann, Hans Joachim"]
[Result "0-1"]
[WhiteElo "2261"]
[BlackElo "2339"]
[PlyCount "44"]
[EventDate "2004.10.24"]
[EventType "team-tourn"]
[EventRounds "9"]
[EventCountry "GER"]
[SourceTitle "EXT 2006"]
[Source "ChessBase"]
[SourceDate "2005.11.24"]
[SourceVersion "1"]
[SourceVersionDate "2005.11.24"]
[SourceQuality "1"]
[WhiteTeam "Greifswald"]
[BlackTeam "Weisse Dame"]
[WhiteTeamCountry "GER"]
[BlackTeamCountry "GER"]

1. e4 Nf6 2. e5 Nd5 3. d4 d6 4. Nf3 Bg4 5. Be2 c6 6. 0-0 Bxf3 7. Bxf3 dxe5 8. dxe5 e6 9. Nd2 Nd7 10. Re1 Qb8 11. Qe2 Bc5 12. g3 Ne7 13. Bg2 Qc7 14. a4 a6 15. c3 Ng6 16. Nf3 Ba7 17. b4 0-0 18. c4 Ngxe5 19. Bb2 Nxf3+ 20. Bxf3 Rad8 21. h4 Qxg3+ 22. Kf1 Qh3+ 0-1

[Event "Oberliga Nord O 0405"]
[Site "Germany"]
[Date "2005.01.16"]
[Round "5.1"]
[White "Bartolomaeus, Christian"]
[Black "Penzold, Andreas"]
[Result "1/2-1/2"]
[WhiteElo "2261"]
[BlackElo "2329"]
[PlyCount "99"]
[EventDate "2004.10.24"]
[EventType "team-tourn"]
[EventRounds "9"]
[EventCountry "GER"]
[SourceTitle "EXT 2006"]
[Source "ChessBase"]
[SourceDate "2005.11.24"]
[SourceVersion "1"]
[SourceVersionDate "2005.11.24"]
[SourceQuality "1"]
[WhiteTeam "Greifswald"]
[BlackTeam "Potsdam Empor"]
[WhiteTeamCountry "GER"]
[BlackTeamCountry "GER"]

1. e4 c5 2. Nf3 d6 3. d3 Nc6 4. g3 g6 5. Bg2 Bg7 6. 0-0 Nf6 7. Nbd2 0-0 8. a4 Rb8 9. Nc4 Bg4 10. h3 Bxf3 11. Bxf3 Nd7 12. Bg2 b6 13. f4 Qc7 14. c3 e6 15. Qf3 Na5 16. Nxa5 bxa5 17. h4 f5 18. exf5 gxf5 19. Qc6 Qxc6 20. Bxc6 Nf6 21. Bf3 Rb6 22. Ra2 Rfb8 23. Re1 Kf7 24. Re2 Bf8 25. Kg2 Be7 26. Re1 d5 27. Kh3 h5 28. Bd1 Ng4 29. Kg2 Bf6 30. Bxg4 fxg4 31. Re2 d4 32. c4 Rb3 33. Rd2 Kg6 34. Ra3 Rxa3 35. bxa3 Rb1 36. Rd1 Bg7 37. Kf2 Kf5 38. Ke2 Rb3 39. Rf1 Bf6 40. Kd2 Bd8 41. Kc2 Rc3+ 42. Kd2 Bc7 43. Bb2 Rb3 44. Kc2 Rb8 45. Bc1 Re8 46. Bd2 Kg6 47. Re1 Kf6 48. Rf1 Rf8 49. Rb1 Rb8 50. Rxb8 1/2-1/2

[Event "Oberliga Nord O 0405"]
[Site "Germany"]
[Date "2004.12.12"]
[Round "4.1"]
[White "Urban, Julian"]
[Black "Bartolomaeus, Christian"]
[Result "1-0"]
[WhiteElo "2272"]
[BlackElo "2261"]
[PlyCount "85"]
[EventDate "2004.10.24"]
[EventType "team-tourn"]
[EventRounds "9"]
[EventCountry "GER"]
[SourceTitle "EXT 2006"]
[Source "ChessBase"]
[SourceDate "2005.11.24"]
[SourceVersion "1"]
[SourceVersionDate "2005.11.24"]
[SourceQuality "1"]
[WhiteTeam "Berlin Empor"]
[BlackTeam "Greifswald"]
[WhiteTeamCountry "GER"]
[BlackTeamCountry "GER"]

1. Nf3 f5 2. d3 d6 3. e4 e5 4. Nc3 Nc6 5. d4 fxe4 6. Nxe4 Bg4 7. d5 Nd4 8. c3 Nxf3+ 9. gxf3 Bd7 10. Qb3 Qc8 11. Bb5 Bxb5 12. Qxb5+ c6 13. Qd3 Nf6 14. Bg5 Nxe4 15. Qxe4 g6 16. Rg1 Bg7 17. 0-0-0 c5 18. f4 0-0 19. fxe5 Bxe5 20. f4 Bf6 21. Qe6+ Qxe6 22. dxe6 Bxg5 23. fxg5 Rf5 24. Rxd6 Re5 25. Rf1 Re8 26. Rd7 R8xe6 27. Rxb7 Re7 28. Rxe7 Rxe7 29. Rf4 Kg7 30. h4 h6 31. Ra4 hxg5 32. hxg5 Rd7 33. Ra6 Rd5 34. Rxa7+ Kf8 35. a4 Rxg5 36. a5 c4 37. Rc7 Rg4 38. Kc2 Rg2+ 39. Kd1 Rg1+ 40. Ke2 Rg2+ 41. Kf3 Rxb2 42. a6 Rc2 43. a7 1-0